| 000 | 00363nam a2200157Ia 4500 | ||
|---|---|---|---|
| 008 | 221030s9999 xx 000 0 und d | ||
| 020 | _a8188152153 | ||
| 041 | _aEnglish | ||
| 082 | _a105.23 | ||
| 100 | _aEFY | ||
| 245 | 0 | _aElectronics Projects Vol. 20 | |
| 260 |
_bEFY Enterprises Pvt. Ltd. _aNew Delhi _c2005 |
||
| 300 | _a187 | ||
| 650 | _aECE | ||
| 942 | _cBK | ||
| 999 |
_c5460 _d5460 |
||